Новое в переработке и применении фторпластов и пентапласта: сборник научных трудов

গ্রন্থ-পঞ্জীর বিবরন
সংস্থা লেখক: Охтинское научно-производственное объединение "Пластполимер"
অন্যান্য লেখক: Паншин Ю. А. (редактор)
ভাষা:রুশ
প্রকাশিত: Ленинград, Пластполимер, 1976
বিষয়গুলি:
বিন্যাস: MixedMaterials গ্রন্থ
KOHA link:https://koha.lib.tpu.ru/cgi-bin/koha/opac-detail.pl?biblionumber=371380

MARC

LEADER 00000nam0a2200000 4500
001 371380
005 20231102012355.0
035 |a (RuTPU)RU\TPU\retro\28790 
090 |a 371380 
100 |a 20221014d1976 k y0rusy50 ca 
101 0 |a rus 
102 |a RU 
105 |a a z 001zy 
200 1 |a Новое в переработке и применении фторпластов и пентапласта  |e сборник научных трудов  |f Охтинское научно-производственное объединение "Пластполимер" ; под ред. Ю. А. Паншина 
210 |a Ленинград  |c Пластполимер  |d 1976 
215 |a 98 с.  |c ил. 
320 |a Библиогр. в конце ст. 
606 1 |a Фторопласты  |x Переработка  |2 stltpush  |3 (RuTPU)RU\TPU\subj\16992  |9 42855 
606 1 |a Пентапласт  |x Производство  |x Сырье  |2 stltpush  |3 (RuTPU)RU\TPU\subj\48462  |9 67329 
610 1 |a полимеры 
610 1 |a термопластичные фторлоны 
610 1 |a переработка 
610 1 |a применение 
610 1 |a фторсодержащие полимеры 
610 1 |a оборудование 
610 1 |a химическая стойкость 
675 |a 678.741.43  |v 4 
675 |a 678.5-405.8  |v 4 
702 1 |a Паншин  |b Ю. А.  |4 340 
712 0 2 |a Охтинское научно-производственное объединение "Пластполимер"  |2 stltpush  |3 (RuTPU)RU\TPU\col\14008  |9 25854 
801 1 |a RU  |b 63413507  |c 20221014 
942 |c BK